[Event "GER OS-065 email"]
[Site "GER email"]
[Date "2008.06.14"]
[Round "?"]
[White "Borkenhagen, Winfried"]
[Black "Rieger, Helmut"]
[Result "0-1"]
[WhiteElo "1635"]
[BlackElo "1640"]
[PlyCount "96"]
[EventDate "2008.??.??"]
[EventType "tourn (corr)"]
[EventRounds "6"]
[EventCountry "GER"]
[SourceTitle "Corr 2011"]
[Source "ChessBase"]
[SourceDate "2010.08.31"]
[SourceVersion "1"]
[SourceVersionDate "2010.08.31"]
[SourceQuality "1"]

1. e4 e6 2. d4 d5 3. e5 c5 4. Nf3 Nc6 5. Be2 cxd4 6. 0-0 Nge7 7. Re1 Bd7 8. Bd3 Ng6 9. Qe2 Qc7 10. a4 Bc5 11. Na3 a6 12. Bd2 f6 13. exf6 gxf6 14. c3 dxc3 15. bxc3 Nf4 16. Bxf4 Qxf4 17. Nc2 0-0-0 18. Rab1 Kc7 19. c4 dxc4 20. Bxc4 Na5 21. Ne3 Nxc4 22. Rbc1 Nxe3 23. Rxc5+ Kb8 24. fxe3 Qxa4 25. Rc4 Qa3 26. Rcc1 e5 27. Ra1 Qb3 28. Rab1 Qe6 29. e4 Rhg8 30. Rb2 Bb5 31. Qf2 Rd3 32. Kh1 Rgd8 33. Rbb1 Qg4 34. Rbc1 R8d6 35. Qc5 Bc6 36. Qb4 b5 37. Kg1 Kb7 38. Rc2 Qd7 39. Rcc1 Qc7 40. Qb1 Qb6+ 41. Kh1 b4 42. Nh4 b3 43. Nf5 Rd7 44. Qb2 Rd2 45. Qb1 b2 46. Rxc6 Qxc6 47. Ne3 R7d4 48. Nf5 Ra4 0-1

[Event "GER OS-065 email"]
[Site "GER email"]
[Date "2008.06.14"]
[Round "?"]
[White "Eife, Gunter"]
[Black "Rieger, Helmut"]
[Result "1/2-1/2"]
[WhiteElo "1640"]
[BlackElo "1640"]
[PlyCount "63"]
[EventDate "2008.??.??"]
[EventType "tourn (corr)"]
[EventRounds "6"]
[EventCountry "GER"]
[SourceTitle "Corr 2011"]
[Source "ChessBase"]
[SourceDate "2010.08.31"]
[SourceVersion "1"]
[SourceVersionDate "2010.08.31"]
[SourceQuality "1"]

1. e4 e6 2. d4 d5 3. Nc3 Bb4 4. e5 c5 5. a3 Ba5 6. dxc5 Bxc3+ 7. bxc3 Qc7 8. Nf3 Qxc5 9. c4 Ne7 10. cxd5 Qxd5 11. Qxd5 exd5 12. Bd3 Nbc6 13. h3 Ng6 14. 0-0 0-0 15. Bb2 Nf4 16. Rac1 Nxd3 17. cxd3 h6 18. Rc5 Rd8 19. Kh2 Bf5 20. Rd1 Rac8 21. Rb5 b6 22. g4 Be6 23. Kg3 Ne7 24. Re1 d4 25. Nxd4 Nc6 26. Nxe6 Rxd3+ 27. f3 fxe6 28. Rc1 Ne7 29. Rxc8+ Nxc8 30. a4 Ne7 31. a5 Nd5 32. axb6 1/2-1/2

[Event "GER OS-065 email"]
[Site "GER email"]
[Date "2008.06.14"]
[Round "?"]
[White "Rieger, Helmut"]
[Black "Dorr, Joerg"]
[Result "1-0"]
[WhiteElo "1640"]
[BlackElo "1640"]
[PlyCount "63"]
[EventDate "2008.??.??"]
[EventType "tourn (corr)"]
[EventRounds "6"]
[EventCountry "GER"]
[SourceTitle "Corr 2011"]
[Source "ChessBase"]
[SourceDate "2010.08.31"]
[SourceVersion "1"]
[SourceVersionDate "2010.08.31"]
[SourceQuality "1"]

1. c4 Nf6 2. Nc3 c5 3. g3 e6 4. Bg2 Nc6 5. Nf3 Be7 6. d4 cxd4 7. Nxd4 0-0 8. 0-0 Qb6 9. Ndb5 d5 10. cxd5 exd5 11. Be3 d4 12. Nxd4 Qxb2 13. Nxc6 bxc6 14. Bxc6 Rb8 15. Qc1 a6 16. Bf4 Qxc1 17. Rfxc1 Rb2 18. Rab1 Rxb1 19. Rxb1 Be6 20. Bb7 Bc4 21. a4 a5 22. Bc7 Bb4 23. Nb5 Ne8 24. Be5 Be7 25. Bc3 Bd8 26. Bf3 Nf6 27. Nd6 Bd5 28. Bxf6 Bxf6 29. Bxd5 Rd8 30. Rb6 Be7 31. Nf5 Bc5 32. Rb5 1-0

[Event "GER OS-065 email"]
[Site "GER email"]
[Date "2008.06.14"]
[Round "?"]
[White "Rieger, Helmut"]
[Black "Wenzel, Ulrich"]
[Result "1/2-1/2"]
[WhiteElo "1640"]
[BlackElo "1640"]
[PlyCount "47"]
[EventDate "2008.??.??"]
[EventType "tourn (corr)"]
[EventRounds "6"]
[EventCountry "GER"]
[SourceTitle "Corr 2011"]
[Source "ChessBase"]
[SourceDate "2010.08.31"]
[SourceVersion "1"]
[SourceVersionDate "2010.08.31"]
[SourceQuality "1"]

1. c4 c6 2. Nc3 d5 3. cxd5 cxd5 4. d4 Nf6 5. Bg5 e6 6. e3 Be7 7. Bd3 0-0 8. Nf3 b6 9. Qc2 h6 10. Bh4 Ba6 11. 0-0 Bxd3 12. Qxd3 Nc6 13. Rfc1 Rc8 14. a3 Na5 15. Rc2 Re8 16. Rac1 Nb3 17. Re1 Na5 18. Bxf6 Bxf6 19. g3 Re7 20. e4 dxe4 21. Nxe4 Rec7 22. Rec1 Be7 23. b4 Nb7 24. h4 1/2-1/2

[Event "EU-ch Seniors 07th"]
[Site "Hockenheim"]
[Date "2007.06.10"]
[Round "9"]
[White "Blagonadezhnaya, Idea"]
[Black "Rieger, Helmut"]
[Result "1/2-1/2"]
[WhiteElo "2017"]
[BlackElo "1660"]
[PlyCount "24"]
[EventDate "2007.06.02"]
[EventType "swiss"]
[EventRounds "9"]
[EventCountry "GER"]
[SourceTitle "CBM 118 Extra"]
[Source "ChessBase"]
[SourceDate "2007.07.04"]
[SourceVersion "1"]
[SourceVersionDate "2007.07.04"]
[SourceQuality "1"]

1. e4 e6 2. d4 d5 3. exd5 exd5 4. Bf4 Bd6 5. Qd2 Bf5 6. Bxd6 Qxd6 7. Bd3 Bxd3 8. Qxd3 Nf6 9. Nf3 Qe6+ 10. Qe2 Qxe2+ 11. Kxe2 0-0 12. Re1 Re8+ 1/2-1/2

[Event "EU-ch Seniors 07th"]
[Site "Hockenheim"]
[Date "2007.06.04"]
[Round "3"]
[White "Ellinger, Hans"]
[Black "Rieger, Helmut"]
[Result "1-0"]
[WhiteElo "2115"]
[BlackElo "1660"]
[PlyCount "35"]
[EventDate "2007.06.02"]
[EventType "swiss"]
[EventRounds "9"]
[EventCountry "GER"]
[SourceTitle "CBM 118 Extra"]
[Source "ChessBase"]
[SourceDate "2007.07.04"]
[SourceVersion "1"]
[SourceVersionDate "2007.07.04"]
[SourceQuality "1"]

1. d4 d5 2. Nf3 Nf6 3. Bg5 e6 4. Nbd2 Be7 5. e3 0-0 6. Bd3 Nbd7 7. Ne5 h6 8. Bf4 Bd6 9. c3 b6 10. h4 Bb7 11. g4 Ne4 12. g5 g6 13. Bxe4 dxe4 14. h5 Bxe5 15. dxe5 hxg5 16. Qg4 f5 17. Qg3 g4 18. hxg6 1-0

[Event "Staufer Seniors op 12th"]
[Site "Schwaebisch Gmuend"]
[Date "2006.01.06"]
[Round "6"]
[White "Fels, Karl Heinz"]
[Black "Rieger, Helmut"]
[Result "1-0"]
[WhiteElo "1734"]
[BlackElo "1600"]
[PlyCount "89"]
[EventDate "2006.01.02"]
[EventType "swiss"]
[EventRounds "9"]
[EventCountry "GER"]
[SourceTitle "EXT 2007"]
[Source "ChessBase"]
[SourceDate "2006.11.23"]
[SourceVersion "1"]
[SourceVersionDate "2006.11.23"]
[SourceQuality "1"]

1. e4 e6 2. d4 d5 3. Nc3 Bb4 4. e5 c5 5. a3 Bxc3+ 6. bxc3 Ne7 7. f4 0-0 8. Nf3 Nbc6 9. Be2 Qb6 10. g4 f5 11. g5 Bd7 12. Be3 c4 13. h4 Be8 14. h5 Qc7 15. a4 Na5 16. Qb1 Bc6 17. Qb4 b6 18. Bc1 Bd7 19. Ba3 Nac6 20. Qb1 Rfe8 21. Bd6 Qb7 22. a5 Qa6 23. axb6 Qxb6 24. Kd2 Qxb1 25. Rhxb1 a5 26. Rb7 Bc8 27. Rb2 Bd7 28. Rab1 Bc8 29. Ba3 Rd8 30. Rb6 Rd7 31. Bxe7 Nxe7 32. Rxe6 a4 33. Reb6 a3 34. Ra1 Rda7 35. Ra2 Bd7 36. Nh4 Be8 37. Bf3 Bc6 38. Bg2 Kf8 39. Bh3 Bd7 40. e6 Bxe6 41. Rxe6 Rb8 42. Re1 Rb2 43. Rea1 g6 44. hxg6 hxg6 45. Rxa3 1-0

[Event "Wuerttemberg-ch Seniors 13th"]
[Site "Ellwangen"]
[Date "2001.??.??"]
[Round "5"]
[White "Antusch, Ingrid"]
[Black "Rieger, Helmut"]
[Result "1-0"]
[WhiteElo "1588"]
[BlackElo "1562"]
[PlyCount "81"]
[EventDate "2001.04.??"]
[EventType "swiss"]
[EventRounds "9"]
[EventCountry "GER"]
[SourceTitle "EXT 2006"]
[Source "ChessBase"]
[SourceDate "2005.11.24"]
[SourceVersion "1"]
[SourceVersionDate "2005.11.24"]
[SourceQuality "1"]

1. f4 d5 2. Nf3 Nf6 3. e3 Bg4 4. d4 e6 5. Bd3 c5 6. c3 Nc6 7. 0-0 cxd4 8. exd4 Bd6 9. Qe1 0-0 10. Ne5 Bf5 11. Qe2 Bxd3 12. Qxd3 Ne4 13. Nd2 f5 14. Nxe4 fxe4 15. Qh3 Qe7 16. Be3 Bxe5 17. fxe5 Rf7 18. Rxf7 Qxf7 19. Rf1 Qg6 20. Rf4 Rf8 21. g3 Rxf4 22. Bxf4 Qf5 23. Qxf5 exf5 24. h4 Kf7 25. Kf2 Kg6 26. b3 b5 27. Ke3 Nd8 28. c4 bxc4 29. bxc4 dxc4 30. d5 Kf7 31. Kd4 h6 32. Kxc4 a5 33. Kb5 Ke7 34. Kxa5 Nf7 35. e6 g5 36. hxg5 Nxg5 37. Kb5 Nf3 38. Kc5 Ne1 39. Bxh6 Nc2 40. Bg5+ Ke8 41. d6 1-0

[Event "Wuerttemberg-ch Seniors 13th"]
[Site "Ellwangen"]
[Date "2001.??.??"]
[Round "2"]
[White "Rieger, Helmut"]
[Black "Voigt, Udo"]
[Result "0-1"]
[WhiteElo "1562"]
[BlackElo "1670"]
[PlyCount "74"]
[EventDate "2001.04.??"]
[EventType "swiss"]
[EventRounds "9"]
[EventCountry "GER"]
[SourceTitle "EXT 2006"]
[Source "ChessBase"]
[SourceDate "2005.11.24"]
[SourceVersion "1"]
[SourceVersionDate "2005.11.24"]
[SourceQuality "1"]

1. c4 e5 2. Nc3 Nf6 3. Nf3 d6 4. g3 Be7 5. Bg2 c6 6. d3 Be6 7. 0-0 Qd7 8. Bg5 h6 9. Bxf6 Bxf6 10. e3 0-0 11. Re1 Na6 12. Rc1 Rab8 13. b3 Nc7 14. d4 exd4 15. exd4 Rfe8 16. d5 Bg4 17. Ne4 Be5 18. Nxe5 Rxe5 19. dxc6 bxc6 20. Qxd6 Qxd6 21. Nxd6 Rxe1+ 22. Rxe1 c5 23. h3 Be6 24. Re5 Na6 25. Bb7 Rd8 26. Nxf7 Kxf7 27. Bxa6 Bxh3 28. Kh2 Bg4 29. Kg2 Rd2 30. Rxc5 Rxa2 31. Rc7+ Kf6 32. Bb5 Bf5 33. Ba4 Be4+ 34. Kf1 Bf3 35. Ke1 Re2+ 36. Kf1 Rb2 37. Kg1 Rb1+ 0-1